[Event "Hoogovens"]
[Site "Wijk aan Zee"]
[Date "1994.01.??"]
[Round "6"]
[White "Nikolic, Predrag"]
[Black "Van der Wiel, John"]
[Result "1-0"]
[WhiteElo "2625"]
[BlackElo "2570"]
[Annotator "Stohl,I"]
[PlyCount "65"]
[EventDate "1994.01.21"]
[EventType "tourn"]
[EventRounds "9"]
[EventCountry "NED"]
[EventCategory "14"]
[SourceTitle "CBM 040"]
[Source "ChessBase"]
[SourceDate "1994.06.01"]
[SourceVersion "1"]
[SourceVersionDate "1994.06.01"]
[SourceQuality "1"]

1. d4 Nf6 2. Nf3 e6 3. g3 b5 (3... c5 4. Bg2 cxd4 5. O-O Nc6 6. Nxd4 Qb6 7. Nb3
d5 8. a4 (8. c4 dxc4 9. N3d2 Qa6 $13) 8... Be7 9. a5 Qd8 10. Nc3 Bb4 11. Bd2
O-O 12. Nb5 Be7 13. Be3 Ng4 14. Bd2 Nf6 15. e3 $6 e5 16. h3 Be6 17. Kh2 Ne4 18.
Be1 f5 19. Qe2 a6 20. Nc3 Qc7 $15 {[+],Olafsson,H-Petursson,M/Akureyri/1994/})
4. Bg2 Bb7 5. O-O c5 6. c3 (6. Na3 $5 a6 7. c4 b4 8. Nc2 cxd4 9. Bg5 h6 10.
Bxf6 Qxf6 11. Nfxd4 Bxg2 12. Kxg2 Bc5 13. a3 bxa3 14. b4 Bxd4 15. Nxd4 O-O 16.
Rxa3 Rc8 17. Qd3 e5 18. Nf5 Nc6 19. Rb1 Nd4 20. Nxd4 exd4 21. b5 axb5 22. Rxa8
Rxa8 23. cxb5 $14 {Farago,I-Grosar,A/Maribor Pirc/1994/}) 6... Qb6 (6... Na6 7.
Bg5 Be7 8. Nbd2 O-O 9. e3 h6 10. Bxf6 Bxf6 11. Qe2 Qb6 12. Rfc1 Rfc8 13. a3
cxd4 14. cxd4 Rxc1+ 15. Rxc1 Rc8 16. Rxc8+ Bxc8 17. Ne4 Be7 18. Ne5 d6 19. Nc6
Bf8 $10 {Sorokin,M-Vaiser,A/Palma GMA-op/1989/}) (6... cxd4 7. cxd4 (7. Nxd4 $5
) 7... Be7 8. Bg5 O-O 9. Qd3 a6 10. Nbd2 Nc6 11. e4 h6 12. Bf4 Nb4 13. Qe2 Nh5
14. Be3 Nc2 15. Rac1 Nxe3 16. fxe3 Nf6 17. e5 Ne4 18. Nb3 Rc8 19. Rxc8 Qxc8 20.
Ne1 f6 $15 {Timman,J-Seirawan,Y/Hilversum m/1990/}) 7. a4 (7. Bg5 Ne4 (7... Be7
$142 $5) 8. Be3 d6 9. Nbd2 Nd7 10. dxc5 dxc5 11. a4 Nxd2 12. Qxd2 Be7 13. axb5
Qxb5 14. c4 Qb6 15. Rfd1 Nf6 16. Ne5 Bxg2 17. Kxg2 O-O 18. f3 Rfd8 19. Qc2 h6
20. Rxd8+ Rxd8 21. Nd3 $36 {׫,Hartoch,R-Grooten,H/NL-ch/1981/}) 7... a6 (7...
bxa4 8. Qxa4 Bc6 9. Qa5 Be7 10. dxc5 Bxc5 11. Nbd2 Qxa5 12. Rxa5 d6 13. Nc4 Bd5
14. Nfd2 Bxg2 15. Kxg2 Nc6 16. Ra6 Nb8 17. Ra2 d5 18. b4 Bxf2 19. Rxf2 dxc4 20.
Nxc4 $16 {_|_,Huzman,A-Vehi Bach,V/Biel op/1993/}) 8. Na3 $5 $146 (8. dxc5 Bxc5
9. b4 Be7 10. Be3 Qc7 11. axb5 axb5 12. Rxa8 Bxa8 13. Na3 Bc6 14. c4 $6 bxc4
15. Bf4 Qc8 16. Bd6 Qa6 17. Nxc4 Qxc4 18. Bxb8 Qxb4 19. Be5 O-O $17 {Haves,
R-Kohlweyer,B/2BLW 8788/1988/}) 8... cxd4 (8... Be7 $6 9. dxc5 Bxc5 10. b4 Be7
11. Be3 $16) (8... d6 $142 $5) 9. Nxd4 $14 Bxg2 10. Kxg2 Nc6 (10... b4 $5 11.
cxb4 (11. Nc4 Qb7+ 12. Kg1 d5 13. Ne5 Nbd7 $10) 11... Bxb4 12. Nac2 $14) 11.
Be3 Nxd4 12. Qxd4 (12. Bxd4 $5 Qb7+ 13. Kg1 $14) 12... Qc6+ (12... Qxd4 $6 13.
Bxd4 b4 14. Nc4 $36) (12... Qb7+ $142 $5 13. Kg1 Be7 $132) 13. f3 Be7 14. axb5
axb5 15. Nc2 O-O 16. Qd3 Qb7 17. Nd4 (17. b4 Nd5 $10 {><c3}) 17... b4 18. c4 d5
19. cxd5 Nxd5 20. Bf2 $14 Bf6 21. Rxa8 $1 Rxa8 22. Rc1 h6 (22... g6 $142 $5) (
22... Rc8 $2 23. Qb5 $1 $16 {><b4}) 23. Rc5 {/\Rb5,e4} Be7 24. Rc2 Bf6 25. e4
Ne7 26. Nb3 Rc8 (26... Ra2 27. Nc5 {/\Qb3}) 27. Nc5 $36 Qc6 28. Qc4 Qb6 (28...
Rb8 $5 $14 29. b3 (29. Na6 Qxc4 30. Rxc4 Ra8 31. Nxb4 Bxb2 $10) (29. Nd3 Qxc4
30. Rxc4 Rd8 $10) 29... Bc3 30. Qd3 $14) 29. Qe2 $1 {/\e5,Nd7} b3 30. Rc1 $16
Ng6 $6 (30... Qb8 31. Nd7 $16) 31. Nxb3 $1 $18 Qb8 32. Rxc8+ Qxc8 33. Nc5 (33.
Nc5 Be7 34. b4 Bxc5 35. Bxc5 {_|_+-}) 1-0

[Event "San Francisco Mechanics"]
[Site "San Francisco"]
[Date "1998.07.10"]
[Round "1"]
[White "Rey, Guillermo"]
[Black "Atalik, Suat"]
[Result "0-1"]
[WhiteElo "2335"]
[BlackElo "2595"]
[Annotator "Stohl,I"]
[PlyCount "72"]
[EventDate "1998.07.10"]
[EventType "tourn"]
[EventRounds "9"]
[EventCountry "USA"]
[EventCategory "10"]
[SourceTitle "CBM 066"]
[Source "ChessBase"]
[SourceDate "1998.09.30"]
[SourceVersion "1"]
[SourceVersionDate "1998.09.30"]
[SourceQuality "1"]

1. d4 Nf6 2. Bg5 e6 3. Nf3 (3. e4 $5 h6 4. Bxf6 Qxf6 5. Nc3 {is more ambitious.
}) 3... h6 4. Bxf6 {Once White has already commited his N to f3, it's better
to avoid this exchange.} (4. Bh4 $142) 4... Qxf6 5. e3 $6 {White avoids the
more aggressive lines in favour of a rock-solid, although somewhat passive
approach.} (5. e4 $142 d6 6. Bd3 Nc6 (6... Nd7 7. c3 e5 8. O-O (8. Na3 Be7 9.
Nc4 c6 10. O-O Bd8 11. a4 Bc7 12. a5 a6 13. dxe5 dxe5 14. b4 Nf8 15. Nfd2 Ne6
16. Re1 O-O 17. Bf1 Rd8 18. Qc2 Nf4 19. Ne3 Be6 20. Ndc4 Qg5 21. Rad1 h5 22.
Kh1 h4 23. Rxd8+ Rxd8 24. Rd1 g6 25. Rxd8+ Qxd8 26. Qd1 $11 {Torre,E-Antonio,R/
Manila m/1998/}) 8... g5 $5 9. Na3 Bg7 10. Nc4 g4 11. dxe5 dxe5 12. Nfd2 Nc5
13. Bc2 Be6 14. b4 O-O-O 15. Qe2 Nd7 16. Na5 Nb8 17. a4 h5 18. Ndb3 b6 19. Nc4
Bh6 20. a5 $13 {Torre,E-Antonio,R/Manila m/1998/}) 7. c3 Bd7 8. Nbd2 g5 9. b4
e5 10. b5 $6 Ne7 11. Nc4 Ng6 12. Ne3 Nf4 13. h3 Bg7 14. Bf1 Qe7 15. Qc2 O-O 16.
g3 Ng6 17. Bc4 Rfe8 $15 {Leskovar,M-Rosito,J/Mar del Plata op 1998/1/2-1/2 (46)
}) ({Soft is also} 5. g3 c5 6. c3 d5 7. Bg2 Nc6 8. O-O Be7 9. dxc5 Bxc5 10.
Nbd2 O-O 11. e4 Rd8 12. Qe2 dxe4 13. Nxe4 Qe7 14. Rad1 Bd7 15. Nxc5 Qxc5 16.
Rd2 Be8 17. Rfd1 Rxd2 $11 {1/2,Timman,J-Karpov,A/Dortmund/1994/}) 5... b6 ({
Also playable is} 5... g6 6. Bd3 Bg7 7. c3 d6 8. Nbd2 Qe7 9. Qc2 Nd7 10. O-O-O
a6 (10... b6 $6 11. d5 e5 12. h4 O-O 13. h5 g5 14. Nf1 Nc5 15. Bh7+ Kh8 16. Ng3
Bd7 17. Bf5 Ba4 18. b3 Be8 19. Nd2 a5 20. Nde4 Nxe4 21. Qxe4 $36 {[%cal Rb1h7]
גb1-h7,Nikolic,Z-Romanishin,O/Belgrade GMA-op/1988/}) 11. e4 c5 12. Rhe1 b5
13. e5 d5 14. dxc5 Nxc5 15. Nb3 Na4 16. Nfd4 Bd7 17. Kb1 O-O 18. f4 Rfc8 19.
Qd2 Nb6 20. Na5 Rab8 21. Ka1 Na4 22. Nab3 Nb6 23. Na5 Na4 24. g4 $13 {Nikolic,
Z-Timoshenko,G/Belgrade GMA-op/1988/}) 6. Nbd2 Bb7 7. Bd3 g5 $5 {[%csl Gg5,Gh6]
()>> Black immediately shows his aggressive intentions with this typical push.
His play is a model of how to cope with solid, but passive setups.} (7... Qe7
8. O-O g5 9. Qe2 Bg7 10. c3 a6 11. e4 d6 12. b4 Nd7 13. Nb3 h5 14. Nfd2 e5 15.
Nc4 Nf8 16. Ne3 Ng6 17. g3 Qf6 18. Nd5 Qd8 19. Rad1 Kf8 20. Ne3 Qe8 21. Nf5 Ne7
22. Nxg7 Kxg7 23. dxe5 dxe5 24. Bc4 Ng6 25. Rd2 h4 26. Rfd1 b5 27. Nc5 $16 {
Terraz,C-Sueess,M/SUI-chT/1996/}) (7... d6 8. c3 (8. Qe2 g6 9. c3 Bg7 10. h3
Qe7 11. O-O O-O 12. Rfe1 e5 13. dxe5 dxe5 14. e4 Nd7 15. Ba6 Bxa6 16. Qxa6 Nc5
{Drechsler,H-Sarapu,O/WchS Wildbad/1993/} 17. Qe2 $11) 8... Nd7 9. Qe2 a6 10.
O-O g6 11. a4 Bg7 12. a5 b5 13. Be4 Bxe4 14. Nxe4 Qe7 15. c4 bxc4 16. Qxc4 c5
17. Qa4 O-O 18. Rfd1 Rfc8 $132 {Hoi,C-Nilssen,J/Copenhagen op2/1995/}) 8. Qe2 (
8. Ne4 $6 {only exposes White's pieces to future attacks.} Qg7 9. Qe2 g4 10.
Nfd2 f5 11. Ng3 h5 12. f3 Nc6 13. c3 O-O-O 14. O-O-O gxf3 15. Nxf3 Bd6 16. Nf1
Kb8 17. N1d2 Rhg8 18. g3 Qg4 19. Rhf1 Be7 20. Kb1 Rg7 $15 {[%csl Gb7,Ge7] ^^|^,
Shadarovian,M-Sunye Neto,J/Dubai olm/1986/ The more the position opens up, the
more prominent becomes the role of the ^^.}) 8... Nc6 9. c3 (9. Ba6 $5 Bxa6 10.
Qxa6 g4 11. Ng1 Qg6 12. Rc1 $11) 9... g4 10. Ng1 h5 (10... Nxd4 $2 11. exd4
Bxg2 12. Be4 Bxh1 13. Bxh1 $16) 11. h3 (11. Ba6 Nxd4 $1 12. exd4 Bxg2 13. Ne4
Qg6 14. Ng3 Bxh1 (14... Bd6 15. Bd3 {[%cal Rd3e4] /\Be4}) 15. Nxh1 Bd6 $36)
11... Bh6 $1 12. hxg4 hxg4 13. Qxg4 O-O-O $44 {[%cal Rh6e3,Gg8g1,Gh8h1] @,/
\Be3! A long term pawn sacrifice gives Black good play on the >> open files,
it's not simple for White to finish his development.} 14. Ne4 (14. Ngf3 Rdg8 (
14... Bxe3 15. Rxh8 Bxd2+ 16. Kxd2 Rxh8 $15) 15. Ne4 Qd8 16. Qh4 $8 Rxg2 $15) (
14. Nh3 $5 Rdg8 15. Qf3 Qg7 $36) 14... Qe7 15. Qe2 f5 16. Ng3 $8 (16. Nd2 Bxe3
$17) 16... f4 17. exf4 (17. Nf1 Rdg8 $17) 17... Bxf4 18. Rxh8 Rxh8 19. Nh3 (19.
Nf1 Rh1 20. Nh3 Bh6 $40) 19... Bxg3 20. fxg3 Qd6 21. O-O-O Qxg3 $36 {[%csl Rg2,
Rh3] ><g2,Nh3 Black has regained his pawn and remains with a lasting advantage
due to his better pawn structure. Another White's problem is the coordination
of his pieces, especially the stranded N. Also Kc1 has a more draughty hidout
than Kc8.} 22. Be4 Ne7 $1 23. Rd3 Qg7 24. Bxb7+ Kxb7 25. Qf3+ c6 26. g4 (26.
Nf4 $142 Qg5 $15 (26... Rh2 $5 $15) (26... Rf8 $36)) 26... Rf8 27. Qg3 $2 (27.
Qg2 Qh7 $36) 27... Rf1+ 28. Rd1 (28. Kd2 Qh6+ 29. g5 Qh5 $40) 28... Nf5 $1 $17
{Now the g-pawn falls.} 29. Qd3 (29. Qg2 $4 Rxd1+ 30. Kxd1 Ne3+ $19) 29...
Rxd1+ 30. Qxd1 (30. Kxd1 Qxg4+ 31. Kc2 Ng3 {-/+/-+}) 30... Qh6+ 31. Qd2 Qxh3
32. gxf5 exf5 $1 $19 {[%csl Gf5] o^f} 33. Qf4 Qh1+ 34. Kd2 (34. Kc2 Qe4+ $19)
34... Qe4 35. Qd6 (35. Qf2 Qb1 36. Ke3 Qxa2 37. Qxf5 Qe6+ $19) (35. Qf1 f4 $19)
35... Qe6 $1 36. Qf8 (36. Qa3 f4 {[%cal Rf4f1] /\f3-+}) 36... Qxa2 0-1

[Event "Villa Gesell"]
[Site "Villa Gesell"]
[Date "1996.??.??"]
[Round "7"]
[White "Hoffman, Alejandro"]
[Black "Milos, Gilberto"]
[Result "1/2-1/2"]
[WhiteElo "2410"]
[BlackElo "2565"]
[Annotator "Stohl,I"]
[PlyCount "96"]
[EventDate "1996.03.??"]
[EventType "tourn"]
[EventRounds "11"]
[EventCountry "ARG"]
[EventCategory "11"]
[SourceTitle "CBM 052"]
[Source "ChessBase"]
[SourceDate "1996.06.01"]
[SourceVersion "1"]
[SourceVersionDate "1996.06.01"]
[SourceQuality "1"]

1. d4 Nf6 2. Nf3 e6 3. e3 g6 $5 (3... a6 4. Bd3 Be7 5. O-O b5 6. c3 Bb7 7. Nbd2
d5 8. Ne5 Nbd7 9. f4 c5 10. Qf3 Qc7 11. g4 O-O 12. g5 Nxe5 13. dxe5 Ne8 14. Qh5
g6 15. Qh6 d4 16. Ne4 Ng7 17. Nf6+ Bxf6 18. gxf6 Ne8 19. e4 Qd8 20. Rf3 {
Figler,D-Bodner,A/AUT-chT2 9495/1994/}) (3... b6 4. Bd3 Bb7 5. Nbd2 c5 6. O-O
Be7 7. c3 Nc6 8. e4 $5 (8. Re1 Qc7 9. a3 d5 10. dxc5 bxc5 11. e4 O-O 12. e5 Nd7
13. Qe2 c4 14. Bc2 Rab8 15. Nf1 Ba6 $15 {Scalise,L-Sola,R/Villa Ballester op/
1996/}) 8... cxd4 9. cxd4 Nb4 10. Bb1 Ba6 11. Re1 Nd3 12. Bxd3 Bxd3 13. d5 Bb4
14. Qb3 Bxd2 15. Nxd2 Ba6 16. Qa3 Qc8 17. e5 Nxd5 18. Ne4 Qc7 19. Nd6+ {
1-0/Larsen,M-Caramia,J/Villa Ballester op/1996/}) 4. c4 (4. Be2 Bg7 5. O-O O-O
6. c4 d6 7. Nc3 Nbd7 8. b3 Nh5 $6 (8... b6 9. Bb2 Bb7 $132) 9. Nd2 c5 10. Bxh5
cxd4 11. exd4 Qa5 12. Bb2 gxh5 13. Nde4 d5 14. Qxh5 $16 {Bossert,Ch-Kratschmer,
K/Baden-Baden op/1990/}) (4. Bd3 Bg7 5. O-O O-O (5... d5 6. Nbd2 c5 7. c3 Nc6
$6 (7... Nbd7 $10) 8. dxc5 Nd7 9. Nb3 a5 10. e4 a4 11. exd5 exd5 12. Re1+ Kf8
13. Nbd4 Nxc5 14. Be3 Ne6 15. Bb5 a3 16. bxa3 Ncxd4 17. Nxd4 h5 18. a4 Bf6 19.
Nxe6+ Bxe6 20. Bd4 $16 {Fiorito,F-Quinteros,M/Buenos Aires/1990/}) 6. e4 d6 7.
Qe2 Nc6 8. c3 Re8 9. e5 Nd7 10. Bg5 f6 11. exf6 Bxf6 12. Bxf6 Nxf6 13. Nbd2 e5
14. dxe5 Nxe5 15. Nxe5 Rxe5 16. Qd1 Kg7 17. Qc2 Bd7 18. Rfe1 Rxe1+ 19. Rxe1 Bc6
20. Nb3 Qd7 21. Nd4 Re8 22. Rxe8 Qxe8 23. Nxc6 Qxc6 $10 {Kovacevic,
Vlado-Ermenkov,E/Kavala Balkaniad/1990/}) (4. b3 Bg7 5. Nbd2 O-O 6. Bb2 d6 7.
g3 b6 8. c4 Bb7 9. Bg2 Nbd7 10. O-O c5 11. Qe2 Qc7 12. Rac1 a6 13. Rfd1 Rfe8
14. a3 Rad8 15. b4 Qb8 16. e4 cxd4 17. Nxd4 Qa8 18. f3 Qb8 19. N2b3 Rc8 20. Kh1
d5 21. exd5 exd5 $36 {Pandelidis,I-Ermenkov,E/Athens op/1993/}) 4... Bg7 5. Nc3
O-O (5... d5 {-D9}) 6. Be2 (6. e4 d5 $5 7. e5 Ne4 8. Bd3 Nxc3 9. bxc3 c5 $13)
6... b6 7. O-O Bb7 8. Qc2 d6 (8... d5 $142 $10) 9. b3 (9. e4 $5 {[%csl Gd4,Ge4]
[+]()}) 9... c5 10. Bb2 Nc6 {In positions with the hedgehog pawns (b6,d6,e6)
Black usually doesn't restrict his Bb7 and develops his N to d7.} (10... Nbd7
11. Rad1 Qe7 12. e4 cxd4 13. Nxd4 a6 $132) 11. Rad1 Qe7 12. Qb1 {[%cal Yd4d5] /
\d5} cxd4 13. exd4 d5 14. Rfe1 $1 (14. cxd5 Nxd5 15. Nxd5 exd5 16. Rfe1 Qd6 $10
) 14... Na5 (14... dxc4 15. bxc4 $36 {[%cal Rd4d5] /\d5}) (14... Rfc8 $142 $5
15. cxd5 (15. Nb5 Qd8 $10) 15... Nxd5 16. Nxd5 exd5 17. Bd3 Qd6 18. Ne5 Nb4
$132) 15. Nb5 Rfc8 16. Ba3 Qd8 17. Nd6 Rc7 18. c5 $36 Ne4 {[%cal Re4c3] /\Nc3}
19. Nb5 (19. Nxe4 dxe4 20. Ne5 Nc6 $13) 19... Rcc8 20. Nd2 Nxd2 21. Rxd2 Nc6
22. Nd6 $6 (22. b4 $5 $14) 22... Rcb8 23. Bb2 Bc8 $1 24. Nxc8 Rxc8 {[%csl Rd4]
<=>><d4} 25. a3 a5 26. Qd3 Rcb8 27. g3 Ra7 (27... bxc5 28. dxc5 Bxb2 29. Rxb2
Qf6 30. Reb1 {[%cal Rb3b4] /\b4}) 28. Rc1 Rab7 29. Bd1 Bh6 $5 (29... b5 $10)
30. f4 Bg7 {[%csl Rf4,Rg3,Rh2] ׻} 31. Qe2 h5 (31... Rc7 $5 32. Qf2 bxc5 33.
Rxc5 Bf8 $15) 32. Qf2 bxc5 33. Rxc5 Qb6 34. f5 $5 $132 exf5 (34... gxf5 35.
Bxh5 Ne7 36. Rd3 $13) 35. Rxd5 Ne7 36. Rc5 {[%csl Gd4,Ra5] ><a5,o^d} Nc8 $1 37.
Bc3 Ra7 38. Bf3 (38. Re2 Nd6 {[%cal Rd6b5,Rd6e4] /\Ne4,Nb5}) 38... Nd6 (38...
Qxb3 $2 39. Rb2 $18) 39. Rc6 Qd8 40. d5 Bxc3 41. Rxc3 Rab7 42. Qe3 Qf6 43. Rdd3
h4 44. Qc1 Re7 (44... hxg3 45. hxg3 Qe5 46. Kg2 Ne4 47. Rc8+ $10) 45. Rc6 hxg3
46. hxg3 Rbe8 47. Kg2 g5 (47... Qe5 48. Qc3 $5 $14) 48. Rxd6 $1 (48. Qc5 Qb2+
49. Qf2 Qe5 $36) 48... Qxd6 (48... Qxd6 49. Qxg5+ Kf8 (49... Qg6 50. Qxg6+ fxg6
51. d6 Re1 52. d7 Rd8 53. Bc6 Kf7 54. b4 $44) 50. Qxf5 $10) 1/2-1/2

[Event "WchT 4th"]
[Site "Luzern"]
[Date "1997.10.25"]
[Round "1.4"]
[White "Romanishin, Oleg M"]
[Black "Christiansen, Larry Mark"]
[Result "1/2-1/2"]
[WhiteElo "2550"]
[BlackElo "2550"]
[Annotator "Stohl,I"]
[PlyCount "90"]
[EventDate "1997.10.25"]
[EventType "team-tourn"]
[EventRounds "9"]
[EventCountry "SUI"]
[SourceTitle "CBM 062"]
[Source "ChessBase"]
[SourceDate "1998.01.31"]
[SourceVersion "1"]
[SourceVersionDate "1998.01.31"]
[SourceQuality "1"]
[WhiteTeam "Ukraine"]
[BlackTeam "US of America"]
[WhiteTeamCountry "UKR"]
[BlackTeamCountry "USA"]

1. d4 Nf6 2. Nf3 e6 3. g3 b5 4. Bg2 Bb7 5. Bg5 c5 6. c3 {A solid move.} ({
A more ambitious alternative is} 6. Na3 $5) 6... Na6 (6... Qb6 $6 7. Bxf6 gxf6
8. O-O Na6 9. a4 b4 10. a5 Qc7 11. e3 Rb8 12. Nh4 Bxg2 13. Nxg2 Qc6 14. Nf4 Nc7
15. Nd2 bxc3 16. bxc3 Bd6 17. Nh5 Be7 18. Qg4 Nd5 19. c4 Nc3 20. Rfc1 Rb2 21.
Rxc3 Rxd2 22. Rb3 Qc7 23. Rab1 {1-0,Kasparov,G-Hjartarson,J/Paris PCA Intel-GP/
1994/}) ({An interesting attempt to solve the opening problems directly is} 
6... cxd4 $5 7. Bxf6 $5 (7. cxd4 Qa5+ 8. Nbd2 Ne4 9. O-O Nxg5 10. Nxg5 Bxg2 11.
Kxg2 Be7 12. Ngf3 (12. Nb3 Qb6 13. Ne4 d5 14. Nec5 O-O 15. e3 a5 16. Rc1 a4 17.
Nd2 Rd8 18. Qc2 Ra7 19. Nd3 Bd6 20. Qb1 Nc6 21. Rc2 Rc7 22. Rfc1 Rdc8 23. Nf3
f6 24. Nf4 Bxf4 25. gxf4 Na5 $11 {Benjamin,J-Sax,G/Thessaloniki olm/1988/})
12... O-O 13. Nb3 (13. Qb3 Nc6 14. d5 Nb4 15. e4 exd5 16. a3 dxe4 17. Nxe4 Nc6
18. Rad1 b4 19. Rd5 Qc7 20. Rfd1 bxa3 21. bxa3 Rad8 22. Qd3 h6 23. Nc3 Rfe8 24.
Nb5 Qb8 25. Rb1 $44 {Nogueiras,J-Nikolic,P/Tilburg/1992/}) 13... Qb6 14. Qd2 a5
15. Rfc1 d6 16. d5 e5 17. Qc2 a4 18. Nbd2 Na6 19. Ne1 Qd4 20. Qd3 Nc5 21. Qxd4
exd4 $11 {Ftacnik,L-Kortschnoj,V/Kettler Cup rap/1997/}) 7... gxf6 $5 (7...
Qxf6 8. cxd4 Bb4+ 9. Nc3 O-O 10. O-O Bxc3 $6 11. bxc3 Na6 12. a4 Nc7 13. axb5
Nxb5 14. Qd3 Nd6 15. Ne5 Bxg2 16. Kxg2 Qe7 17. c4 f6 18. Nf3 f5 19. Rfb1 g5 20.
c5 g4 21. Ne5 Nf7 22. Qe3 Nxe5 23. Qxe5 Rfc8 24. Ra6 $16 {Lalic,B-Thinius,M/
EUCup qual3 Slough/1997/}) 8. cxd4 d5 9. O-O Nd7 10. Qd3 Qb6 11. Nbd2 Be7 12.
e4 dxe4 13. Nxe4 O-O 14. Rfe1 Rfd8 15. Qe3 Kg7 16. b4 Bxe4 17. Qxe4 Nf8 18. a3
a5 19. h4 axb4 20. axb4 Ra4 21. Qg4+ Kh8 22. Qh5 Ng6 23. Qh6 Bxb4 24. h5 Bf8
$17 {Speelman,J-Karpov,A/London/1984/}) 7. Bxf6 (7. O-O Rc8 8. Qd3 Qb6 9. Bxf6
gxf6 10. Nbd2 cxd4 11. Qxd4 (11. Nxd4 $142 $5 $14) 11... Qxd4 12. Nxd4 Bxg2 13.
Kxg2 b4 14. c4 f5 15. e3 Bc5 16. Rfd1 Ke7 17. Ne2 Bd6 18. Nd4 Rhd8 19. f4 Bc5
20. Rac1 Bb6 21. N2b3 d6 22. Kf3 Rd7 23. Rd2 h5 24. e4 Bxd4 25. Rxd4 fxe4+ 26.
Kxe4 Rdc7 $11 {Romero Holmes,A-Rivas Pastor,M/Linares ESP-chT/1991/}) 7... Qxf6
(7... gxf6 8. O-O Qb6 9. Nbd2 d5 10. a4 Be7 11. axb5 Qxb5 12. dxc5 Bxc5 13. Nb3
Ke7 14. Na5 Qd7 15. e4 Rad8 $14 {1/2,Romanishin,O-Vaganian,R/Erevan olm/1996/})
8. O-O Qd8 9. Na3 $5 $146 {A new move and a new plan. Romanishin wants to
utilize his lead in development to open the position and create play on the <<.
But as this also costs time, (c3-c4) Black equalizes without too much trouble.}
(9. Qd3 Rb8 (9... Qb6 $5 {seems more logical.}) 10. Nbd2 Be7 11. Qxb5 Bc8 12.
Qd3 Rxb2 13. Nc4 Rb8 14. d5 exd5 15. Ne3 $36 {1/2,Kochyev,A-Hansen,C/Palma de
Mallorca GMA/1989/}) 9... Rb8 (9... cxd4 $143 10. Qxd4 $1 $32 {[%csl Rb5] ><b5,
/\} (10. Nxd4 Bxg2 11. Kxg2 Bxa3 12. bxa3 Nc7 $11) (10. Nxb5 dxc3 11. bxc3 Nc5
$132) 10... Bxa3 $2 11. Qxg7) 10. c4 bxc4 11. Nxc4 Be7 12. dxc5 O-O $1 $11 13.
a3 (13. Nd6 Nxc5 14. Nxb7 Rxb7 15. b3 d5 $11 {^-}) 13... Nxc5 14. b4 Ne4 15.
Rc1 d5 16. Na5 Bf6 {[%csl Ga3,Gb4,Gd5,Ge4,Ge6,Gf6] The position is
approximately balanced. White has a << majority, but Black' s pieces are more
active and control the center.} (16... Qb6 $5 17. Nd4 Rbc8 $132) 17. Nd4 Qb6
18. e3 (18. Nxb7 Bxd4 19. Bxe4 Rxb7 (19... dxe4 20. Nc5 Rfd8 $13) 20. Bc2 Bb2
21. Qd3 $11) 18... Rbc8 19. Nxb7 Qxb7 20. Bxe4 dxe4 {[%csl Gf6][%cal Gd8d1]
Although Black's central pawns are now compromised, his B is very active and
he has possibilities to play on the <->d.} 21. Rc5 $6 (21. Nb3 Bb2 $1 22. Rxc8
Qxc8 $36 {[%csl Ra3,Rb4] ׫}) (21. Qb3 $5 Bxd4 22. exd4 Rfd8 $11) 21... Rcd8 (
21... Rxc5 $142 22. bxc5 Rc8 23. Qc2 Qd5 $15) 22. Qa1 Rd7 23. Rfc1 $132 {
[%cal Gc1c8] <->c} Rfd8 24. Qc3 Bxd4 25. exd4 h6 (25... Rxd4 $4 26. Qxd4 Rxd4
27. Rc8+ $18) 26. Rc7 Qd5 {[%csl Rd4] ><d4} (26... Rxc7 $143 $6 27. Qxc7 Rd7
$142 (27... Qxc7 28. Rxc7 a5 $5 (28... Rxd4 $2 29. Rxa7 $18 {o^a,b}) 29. bxa5
Rxd4 30. a6 Ra4 31. a7 Kh7 32. Rxf7 $16) 28. Qxb7 (28. Qe5 $5) 28... Rxb7 29.
Kf1 $14) 27. Rxd7 Qxd7 28. Qe3 (28. Rd1 $2 Qd5 {[%cal Re6e5] /\e5-+}) 28... f5
$5 {A fighting choice.} (28... Qxd4 29. Qxd4 Rxd4 30. Rc8+ Kh7 31. Rc7 a5 $11)
29. Rc4 Kh7 30. Qc1 Qa4 31. Kg2 Rd7 32. h4 Qb3 33. Qc3 $5 Qd1 (33... Qxc3 34.
Rxc3 Rxd4 35. Rc6 $1 (35. Rc7 a5 36. bxa5 Kg6 $5 (36... Ra4 37. Rc6 Rxa5 38.
Rxe6 Rxa3 39. h5 $11 {[%cal Rg3g4] /\g4}) 37. a6 Ra4 $15) 35... e5 36. Rc5 $11)
34. Qe3 e5 $5 {A violent tactical try, but White is prepared.} (34... Qg4 35.
f3 $5 exf3+ 36. Qxf3 Qxf3+ 37. Kxf3 g5 $11) 35. dxe5 Rd3 36. Rc1 $1 {[]} (36.
Qf4 $2 Rf3 37. Qc1 Qe2 $19) 36... Qh5 (36... Rxe3 $143 $6 37. Rxd1 Rxa3 38. e6
Kg6 39. Rd7 $14) (36... Qg4 37. Qf4) (36... Qa4 $2 37. Qc5 {[%csl Ge5] o^e})
37. Qf4 (37. Qxa7 $2 Qf3+ 38. Kh2 e3 $19) 37... Rf3 38. Qd2 Rxa3 (38... e3 39.
fxe3 Qg4 40. Qe1 Qe4 41. Rc4 $1 {[]} Rxg3+ 42. Kxg3 Qxc4 43. Qf2 $14) 39. Rc3
$11 Ra6 40. b5 Re6 41. Qf4 Re7 42. Rc5 Qg4 43. Qxg4 fxg4 44. h5 g6 45. hxg6+
Kxg6 (45... Kxg6 46. Rc6+ Kg5 47. e6 Kf6 48. Ra6 $11) 1/2-1/2